| 000 | 00598nam a2200205 i 4500 | ||
|---|---|---|---|
| 001 | bg | ||
| 100 | 1 | _aNYREK, Stefan | |
| 245 | 0 |
_aChemia organiczna / _cStefan Nyrek. |
|
| 250 | _aWyd.4. | ||
| 260 |
_aWarszawa : _bPańst. Wydaw. Naukowe, _c1977. |
||
| 300 |
_a472 s. : _brys. ; _c24 cm. |
||
| 650 | 9 | _aChemia organiczna | |
| 655 | _aPodręczniki akademickie | ||
| 040 | _cBPK | ||
| 041 | _apol | ||
| 080 | _a547(075.8) | ||
| 942 | _cKS | ||
| 008 | s pl f |000 0 pol | ||
| 856 |
_uhttp://koha.tu.koszalin.pl/cgi-bin/koha/opac-detail.pl?biblionumber=24619 _yKatalog online BPK |
||
| 999 |
_c24619 _d24619 |
||